The best of Asian cooking

Bibliographic Details
Main Author: MITCHELL, John
Format: Book
Subjects:

MARC

LEADER 00000cam a2200000 7i4500
001 0000000539
002 000000624
005 20000330.0
020 |a T000000122 
090 0 0 |a 641.5   |b MIT 
100 1 |a MITCHELL, John 
245 1 4 |a The best of Asian cooking   |c John Mitchell 
300 |a 192p 
650 0 0 |a Cookery, Asian 
999 |a 3103   |b BUKU   |c PINJAMAN   |e PERPUSTAKAAN KOMUNITI PETALING JAYA